Effectif Manchester United saison 2024/2025 - Statistiques

Statistiques générales
  • Ce quiz a été pris 4 738 fois
    1 002 depuis la dernière actualisation
  • Le résultat moyen est 19 sur 30
Statistiques - réponses
Hint Réponse % Correct
G André Onana
96%
M Bruno Fernandes
91%
D Harry Maguire
89%
Coach Erik Ten Hag
84%
M Casemiro
83%
D Diogo Dalot
83%
A Marcus Rashford
83%
A Rasmus Højlund
83%
A Alejandro Garnacho
82%
D Luke Shaw
79%
A Amad Diallo
75%
M Kobbie Mainoo
75%
A Joshua Zirkzee
74%
D Lisandro Martínez
72%
D Matthijs de Ligt
72%
D Noussair Mazraoui
72%
D Leny Yoro
69%
M Manuel Ugarte
62%
A Antony
61%
M Christian Eriksen
61%
G Altay Bayindir
60%
M Mason Mount
58%
D Victor Lindelöf
56%
G Tom Heaton
50%
D Tyrell Malacia
50%
D Jonny Evans
49%
M Toby Collyer
25%
D Harry Amass
23%
A Ethan Wheatley
9%
M Daniel Gore
8%
Aucun quiz correspondant
Distribution des résultats
% des personnes avec chaque résultat
Percentile par nombre de réponses
Votre historique - résultats
Vous n’avez pas pris ce quiz depuis la dernière actualisation